000 00344nam a2200145Ia 4500
005 20241105005042.0
008 240331s9999 xx 000 0 und d
082 _bFOR
_a823
100 _aForster, E.M
245 2 _aA passage to India
260 _aNew Zealand
_bPenguin Books Ltd
_c1978
300 _a335 p .,
650 _aNovel
942 _cL
999 _c3341
_d3341